| 000 | 01010nam a22002775a 4500 | ||
|---|---|---|---|
| 005 | 20180418150343.0 | ||
| 008 | 180418s1999 cc a grb 000 0 mul d | ||
| 040 |
_aEG-ScBUE _beng _cEG-ScBUE |
||
| 041 | 0 |
_achi _aeng |
|
| 043 | _aa-cc--- | ||
| 082 | 0 | 4 |
_a027.551 _bNAT _222 |
| 245 | 0 | 0 |
_a北京图书馆 = _bNational library of china / _ceditor-in-chief, Li Zhizhong ; text writers, Tang Gengsheng, Zhang Yan ; translator Gu Ben. |
| 246 | 3 | 1 | _aNational library of china |
| 260 |
_aBeijing : _bThe Central Academy of Arts and Design, _c1999. |
||
| 300 |
_a39 p. : _bill. (col.) ; _c24 cm. |
||
| 541 | _aAmbassador Ali Al-Hafni ; | ||
| 546 | _aText in Chinese and English. | ||
| 650 | 7 |
_aNational libraries _zChina. _2BUEsh |
|
| 651 | _2BUEsh | ||
| 653 |
_bGGEN _cApril2018 |
||
| 700 | 1 |
_aZhizhong, Li, _eeditor. |
|
| 700 | 1 |
_a Gengsheng, Tang, _ecommentator for written text. |
|
| 700 | 1 |
_aYan, Zhang, _ecommentator for written text. |
|
| 700 | 1 |
_aBen, Gu, _etranslator. |
|
| 942 | _2ddc | ||
| 999 |
_c26548 _d26520 |
||